• 首页
  • 本馆介绍
  • 公告通知
  • 最新文献
  • 馆藏检索
  • 电子资源
  • 读者导购
  • 参考咨询
  • 我的图书馆
  • 登录
  • 详细信息显示
  • 放入我的书架
  • 预约/预借图书
  • 作者相关作品
  • 分类相关作品
  • 丛书相关作品
  • 出版社相关作品

书目信息

  • 表格格式
  • 工作单格式
  • 卡片格式
题名:
韦尔奇24戒律
    
 
作者: 克拉姆斯 著 ;雷格 译
分册:  
出版信息: 北京   中信出版社  2002
页数: 99页
开本: 19cm
丛书名:
单 册:
中图分类: F471.266
科图分类:
主题词: CT--S025953--工业企业管理
电子资源:
ISBN: 7-80073-452-8
000 01262nam0 2200301 45
001 002180291
005 20031219104110.1
010    @a7-80073-452-8@b精装@dCNY16.00
100    @a20021028d2002 em y0chiy0110 ea
101 1  @achi@ceng
102    @aCN@b110000
105    @aa z 000yy
106    @ar
200 1  @a韦尔奇24戒律@9wei er qi 24 jie lv@e杰克·韦尔奇经典理论简单说/世界级大公司经理人培训手册@f(美)杰弗里·A.克拉姆斯著@g雷格译
210    @a北京@c中信出版社@d2002
215    @a99页@c图@d19cm
306    @a与美国麦格劳-希尔教育(亚洲)出版公司合作出版
330    @a韦尔奇的管理之道是管理界的经典范例。本书是一本为企业领导层和员工度身打造的管理实用读本,帮助人们最直接地学习和运用韦尔奇的行为要诀和成功的商业战略。
510 1  @aThe Welch Way@zeng
517 1  @a杰克·韦尔奇经典理论简单说/世界级大公司经理人培训手册@9jie ke · wei er qi jing dian li lun jian dan shuo / shi jie ji da gong si jing li ren pei xun shou ce
601 02 @a通用电气公司@c(美国)@x工业企业管理@x经验
601 02 @2CT@3S074859@a通用电气公司@c(美国)
606 0  @2CT@3S025953@a工业企业管理
690    @aF471.266@v4
701  1 @a克拉姆斯@9ke la mu si@b杰弗里·A.@4著
702  0 @a雷格@9lei ge@4译
801    @aCN@bTSTC@c20030513
905    @b323337-341@dF471.266@e17@f5
    
    韦尔奇24戒律:杰克·韦尔奇经典理论简单说/世界级大公司经理人培训手册/(美)杰弗里·A.克拉姆斯著/雷格译.-北京:中信出版社,2002
    99页:图;19cm
    
    
    ISBN 7-80073-452-8(精装):CNY16.00
    韦尔奇的管理之道是管理界的经典范例。本书是一本为企业领导层和员工度身打造的管理实用读本,帮助人们最直接地学习和运用韦尔奇的行为要诀和成功的商业战略。
●
相关链接 在E读中查询图书 在五车中查询图书 在当当中查询图书 在豆瓣中查询图书


正题名:韦尔奇24戒律     索取号:F471.266/17         预约/预借

序号 登录号 条形码 馆藏地/架位号 状态 备注
1 0323337   203233376   第一借阅区/ [索取号:F471.266/17] 在馆    
2 0323338   203233385   第一借阅区/ [索取号:F471.266/17] 在馆    
3 0323339   203233394   第一借阅区/ [索取号:F471.266/17] 在馆    
4 0323340   203233401   第一借阅区/ [索取号:F471.266/17] 已借出,限还日期为2006.10.19
借出人:邢志勤  
 
5 0323341   203233410   第一样本阅览室/ [索取号:F471.266/17] 在馆    
唐山师范学院图书馆 欢迎您!
大连网信软件有限公司© 版权所有